[Event "29th Czech Open A 2018"]
[Site "Pardubice CZE"]
[Date "2018.07.23"]
[Round "4.61"]
[White "Dushyant, Sharma"]
[Black "Malakhov, Igor"]
[Result "0-1"]
[WhiteTitle "FM"]
[BlackTitle "IM"]
[WhiteElo "2243"]
[BlackElo "2431"]
[WhiteFideId "25065130"]
[BlackFideId "4183088"]
[EventDate "2018.07.20"]

1. e4 c5 2. Nf3 e6 3. d4 cxd4 4. Nxd4 a6 5. Bd3 Ne7 6. O-O Nbc6 7. Nxc6 Nxc6 8.
c4 Be7 9. Be3 O-O 10. Nc3 Rb8 11. Rc1 d6 12. f4 Bd7 13. a3 Qa5 14. Qd2 Rfc8 15.
b4 Qd8 16. Qf2 Bh4 17. g3 Bf6 18. c5 dxc5 19. e5 cxb4 20. Bb6 Qf8 21. exf6 bxc3
22. Bc5 Qd8 23. fxg7 Qf6 24. Bf8 Ne7 25. Rfd1 Ba4 26. Re1 Rd8 27. Qf3 Qd4+ 28.
Re3 Nf5 29. Bxf5 exf5 30. Rxc3 Rbc8 31. Bb4 Bc6 32. Qe2 Qd5 33. Re5 Qh1+ 34. Kf2
Qxh2+ 35. Kf1 Qh1+ 36. Kf2 Qg2+ 37. Ke1 Qg1+ 38. Qf1 Rd1+ 39. Kxd1 Qxf1+ 40. Kc2
Be4+ 41. Kb3 Qd1+ 0-1

[Event "29th Czech Open A 2018"]
[Site "Pardubice CZE"]
[Date "2018.07.23"]
[Round "4.62"]
[White "Bakalchuk, Johnatan"]
[Black "Kratochvil, Vit1"]
[Result "1-0"]
[WhiteTitle "IM"]
[WhiteElo "2429"]
[BlackElo "2233"]
[WhiteFideId "2810301"]
[BlackFideId "333808"]
[EventDate "2018.07.20"]

1. d4 Nf6 2. Nc3 d5 3. Bf4 Bf5 4. f3 e6 5. g4 Bg6 6. h4 h5 7. g5 Nfd7 8. e3 Nb6
9. Bd3 Bxd3 10. Qxd3 Bd6 11. g6 f6 12. Nb5 Bxf4 13. exf4 a6 14. Nc3 Qd6 15. f5
Nc6 16. fxe6 Nb4 17. Qf5 Qg3+ 18. Kf1 Nc4 19. Nd1 Nd6 20. Qh3 Qxg6 21. c3 Nd3
22. Ne2 Nc4 23. Qg3 Rh6 24. Rh2 Nd2+ 25. Kg2 Qxg3+ 26. Nxg3 Ne1+ 27. Kf2 Nexf3
28. Rh3 Rg6 29. Ne3 f5 30. Ngxf5 Rf6 31. Nxg7+ Ke7 32. Nxd5+ Kf8 33. Nxf6 Kxg7
34. Nxh5+ Kh6 35. Nf4 Rf8 36. Rxf3 1-0

[Event "29th Czech Open A 2018"]
[Site "Pardubice CZE"]
[Date "2018.07.23"]
[Round "4.63"]
[White "Drnovsek, Gal"]
[Black "Humburg, Philipp"]
[Result "1-0"]
[WhiteTitle "IM"]
[WhiteElo "2414"]
[BlackElo "2225"]
[WhiteFideId "14607077"]
[BlackFideId "24656151"]
[EventDate "2018.07.20"]

1. d4 Nf6 2. c4 e6 3. Nc3 d5 4. cxd5 Nxd5 5. e4 Nxc3 6. bxc3 c5 7. Rb1 cxd4 8.
cxd4 Nc6 9. Bb5 a6 10. Bxc6+ bxc6 11. Nf3 c5 12. O-O cxd4 13. Nxd4 Bc5 14. Nb3
Qxd1 15. Rxd1 Be7 16. Bf4 O-O 17. Bd6 Bxd6 18. Rxd6 e5 19. Nc5 Re8 20. Rbb6 a5
21. f3 Kf8 22. Kf2 Ke7 23. Ke3 Rd8 24. Rd5 f6 25. Kd3 Ra7 26. Rb8 Ba6+ 27. Nxa6
Rxd5+ 28. exd5 Rxa6 29. Rb7+ Kd6 30. Kc4 h5 31. a4 h4 32. h3 Ra8 33. Rb6+ Kd7
34. Rb7+ Kd6 35. Rb6+ Kd7 36. Kb5 Rc8 37. Kxa5 Rc5+ 38. Rb5 Rc4 39. Rb4 Rc2 40.
Kb6 Rxg2 41. a5 Ra2 42. a6 Kd6 43. Rb5 f5 44. a7 Rxa7 45. Kxa7 e4 46. fxe4 fxe4
47. Kb6 g5 48. Rc5 e3 49. Rc3 1-0

[Event "29th Czech Open A 2018"]
[Site "Pardubice CZE"]
[Date "2018.07.23"]
[Round "4.64"]
[White "Jedlicka, Ales"]
[Black "Popov, Mikhail"]
[Result "1-0"]
[WhiteTitle "FM"]
[BlackTitle "FM"]
[WhiteElo "2221"]
[BlackElo "2404"]
[WhiteFideId "304824"]
[BlackFideId "4146182"]
[EventDate "2018.07.20"]

1. d4 Nf6 2. c4 g6 3. Nc3 Bg7 4. e4 d6 5. Nf3 O-O 6. Be2 Na6 7. O-O e5 8. Re1
Qe8 9. Bf1 Bg4 10. d5 Nb4 11. Be2 a5 12. h3 Bd7 13. a3 Na6 14. b3 Kh8 15. Rb1
Ng8 16. b4 axb4 17. axb4 f5 18. c5 dxc5 19. Bxa6 cxb4 20. Bxb7 bxc3 21. Bxa8
Qxa8 22. Qb3 fxe4 23. Ng5 c2 24. Qxc2 Qxd5 25. Ba3 Rf5 26. Nxe4 Qa5 27. Bb4 Qa7
28. Bc5 Qa8 29. f3 Nf6 30. Nxf6 Bxf6 31. Qb3 Kg7 32. Qb7 Qa5 33. Qd5 Qa4 34. Rb8
Be8 35. Qe6 Qa5 36. Bf8+ Kh8 37. Qxe8 Qxe1+ 38. Kh2 Bg7 39. Bb4+ 1-0

[Event "29th Czech Open A 2018"]
[Site "Pardubice CZE"]
[Date "2018.07.23"]
[Round "4.65"]
[White "Biriukov, Nikolai"]
[Black "Nikologorsky, Matfei"]
[Result "0-1"]
[WhiteTitle "IM"]
[WhiteElo "2398"]
[BlackElo "2222"]
[WhiteFideId "14103842"]
[BlackFideId "24102474"]
[EventDate "2018.07.20"]

1. d4 Nf6 2. c4 g6 3. f3 d5 4. cxd5 Nxd5 5. e4 Nb6 6. Nc3 Bg7 7. Be3 O-O 8. Qd2
Nc6 9. O-O-O f5 10. e5 Nb4 11. Nh3 N4d5 12. Nxd5 Qxd5 13. Kb1 Rd8 14. Be2 Be6
15. b3 Qd7 16. Nf4 Bf7 17. h4 a5 18. Qc3 a4 19. d5 axb3 20. axb3 Kf8 21. Bd4
Nxd5 22. Nxd5 Qxd5 23. Bc4 Qc6 24. e6 Rxd4 25. Rxd4 Bxe6 26. h5 Bxc4 27. Qxc4
Qxc4 0-1

[Event "29th Czech Open A 2018"]
[Site "Pardubice CZE"]
[Date "2018.07.23"]
[Round "4.66"]
[White "Frolov, Artur"]
[Black "Kearns, Christopher"]
[Result "1/2-1/2"]
[WhiteTitle "IM"]
[WhiteElo "2393"]
[BlackElo "2221"]
[WhiteFideId "14100134"]
[BlackFideId "24642118"]
[EventDate "2018.07.20"]

1. e4 d5 2. exd5 Nf6 3. d4 Bg4 4. f3 Bf5 5. c4 e6 6. dxe6 Nc6 7. Be3 Bb4+ 8. Nc3
O-O 9. Bd3 Nxd4 10. Bxd4 Qxd4 11. Bxf5 Qe5+ 12. Be4 Nxe4 13. fxe4 Bxc3+ 14. bxc3
Qxc3+ 15. Kf2 Qb2+ 16. Kf1 Rad8 17. Qc1 fxe6+ 18. Nf3 Qd4 19. Rb1 Qxe4 20. Kg1
Rxf3 21. gxf3 Qxf3 22. Qe1 Qg4+ 23. Qg3 Qd4+ 24. Qf2 Qg4+ 25. Qg3 Qd4+ 26. Qf2 1/2-1/2

[Event "29th Czech Open A 2018"]
[Site "Pardubice CZE"]
[Date "2018.07.23"]
[Round "4.67"]
[White "Bruedigam, Martin"]
[Black "Balint, Vilmos"]
[Result "1-0"]
[WhiteTitle "IM"]
[WhiteElo "2387"]
[BlackElo "2220"]
[WhiteFideId "24608033"]
[BlackFideId "718050"]
[EventDate "2018.07.20"]

1. e4 e5 2. Nf3 Nc6 3. Bc4 Bc5 4. O-O Nf6 5. d3 O-O 6. Bg5 h6 7. Bh4 g5 8. Bg3
d6 9. c3 Bg4 10. Nbd2 a5 11. a4 Nh5 12. Kh1 Qd7 13. h3 Be6 14. Bh2 Bxc4 15. Nxc4
Ng7 16. Qb3 Kh8 17. d4 exd4 18. cxd4 Bxd4 19. Nxd4 Nxd4 20. Qc3 Nc6 21. f4 f6
22. fxg5 fxg5 23. Rxf8+ Rxf8 24. Nxa5 Nd8 25. Nc4 g4 26. hxg4 Qxg4 27. Qe3 Kh7
28. Nd2 Nc6 29. Nf3 Re8 30. Re1 Re6 31. Qf4 Qh5 32. b3 Rg6 33. e5 Rg4 34. Qe3
Nf5 35. Qd3 Qg6 36. Qd2 d5 37. Qxd5 Rxg2 38. Rg1 Rxg1+ 39. Nxg1 Nce7 40. Qxb7 c6
41. Qd7 Qg4 42. Qd3 Nd5 43. a5 Kh8 44. a6 Nfe3 45. Qe2 Qd4 46. Qf3 Ng4 47. a7
Nb6 48. Qxc6 Nxh2 49. Qxh6+ Kg8 50. Qxb6 1-0

[Event "29th Czech Open A 2018"]
[Site "Pardubice CZE"]
[Date "2018.07.23"]
[Round "4.68"]
[White "Balasubramaniam, H"]
[Black "Pulpan, Jakub"]
[Result "1/2-1/2"]
[BlackTitle "IM"]
[WhiteElo "2219"]
[BlackElo "2386"]
[WhiteFideId "35053248"]
[BlackFideId "302759"]
[EventDate "2018.07.20"]

1. e4 e5 2. Nf3 Nc6 3. Bb5 Nf6 4. Qe2 d6 5. c3 a6 6. Ba4 b5 7. Bc2 Bb7 8. d3 Be7
9. h3 d5 10. Nbd2 O-O 11. Nf1 b4 12. Ng3 a5 13. c4 dxe4 14. dxe4 Nd7 15. Be3 Nc5
16. Rd1 Qe8 17. Nf5 Ne6 18. Ba4 Bf6 19. Qc2 g6 20. Nh6+ Kh8 21. Ng4 Bg7 22.
Ngxe5 f5 23. Nd7 Rf7 24. Nfe5 Rxd7 25. Nxd7 f4 26. Nc5 fxe3 27. Nxb7 Ncd4 28.
Rxd4 Nxd4 29. Bxe8 Nxc2+ 30. Kd1 Rxe8 31. Kxc2 exf2 32. Rf1 Rxe4 33. Rxf2 a4 34.
b3 Re3 35. Na5 axb3+ 36. axb3 Re5 37. Nc6 Re3 38. Nxb4 1/2-1/2

[Event "29th Czech Open A 2018"]
[Site "Pardubice CZE"]
[Date "2018.07.23"]
[Round "4.69"]
[White "Rakesh, Kumar Jena"]
[Black "Bente, Bjoern"]
[Result "1-0"]
[WhiteTitle "IM"]
[BlackTitle "FM"]
[WhiteElo "2385"]
[BlackElo "2219"]
[WhiteFideId "5084822"]
[BlackFideId "4638611"]
[EventDate "2018.07.20"]

1. Nf3 d5 2. d4 Nf6 3. Bf4 e6 4. e3 Bd6 5. Bd3 c5 6. c3 Bxf4 7. exf4 cxd4 8.
cxd4 O-O 9. O-O b6 10. Qe2 Bb7 11. Nc3 Nc6 12. a3 Rc8 13. Rac1 Na5 14. b4 Nc4
15. Ne5 a5 16. Nb5 axb4 17. axb4 Nd6 18. Rxc8 Bxc8 19. Rc1 Nxb5 20. Bxb5 Qd6 21.
Qb2 Bb7 22. Bc6 Qb8 23. b5 Rd8 24. Qa3 Bxc6 25. bxc6 Qc7 26. Qa6 Ne8 27. g3 Nd6
28. Rb1 f6 29. Qxb6 Rc8 30. Qxc7 Rxc7 31. Rb8+ Rc8 32. c7 Kf8 33. Nc6 Kf7 34.
Rxc8 Nxc8 35. Kf1 Ke8 36. Ke2 Kd7 37. Nd8 g6 38. Kd3 Ne7 39. f3 h6 40. Kc3 Kxc7
41. Nxe6+ Kd6 42. Nc5 h5 43. g4 Ng8 44. Kb4 Ne7 45. Kb5 Nc6 46. Nb3 Nd8 47. f5
g5 48. Na5 h4 49. Kb6 1-0

[Event "29th Czech Open A 2018"]
[Site "Pardubice CZE"]
[Date "2018.07.23"]
[Round "4.70"]
[White "Zart, Ruediger"]
[Black "Khaetsky, Roman"]
[Result "0-1"]
[BlackTitle "IM"]
[WhiteElo "2216"]
[BlackElo "2381"]
[WhiteFideId "4668243"]
[BlackFideId "14106221"]
[EventDate "2018.07.20"]

1. e4 e5 2. Nf3 Nc6 3. Bb5 a6 4. Ba4 g6 5. c3 Bg7 6. O-O d6 7. h3 Ne7 8. Re1 O-O
9. d4 h6 10. Be3 g5 11. dxe5 Nxe5 12. Nxe5 Bxe5 13. Nd2 Ng6 14. Nf1 Be6 15. Bb3
Qd7 16. Bxe6 fxe6 17. g3 Qf7 18. Nh2 Bg7 19. Qh5 Ne5 20. Qxf7+ Rxf7 21. Rad1
Raf8 22. Re2 Kh7 23. b3 b5 24. Rc2 Nc6 25. Rdc1 Be5 26. Rd2 a5 27. c4 b4 28. c5
Bc3 29. Rdd1 Rd8 30. cxd6 cxd6 31. Kg2 d5 32. exd5 exd5 33. f4 Re8 34. Nf1 d4
35. Bd2 gxf4 36. gxf4 h5 37. Re1 Ree7 38. Rxe7 Nxe7 39. Re1 Ng6 40. Re4 Bxd2 41.
Nxd2 Rxf4 42. Re8 Rf5 43. Re4 d3 44. Re3 Rc5 45. Kf2 Rc3 46. Ne4 Rc2+ 47. Kf1
Nf4 48. Rf3 d2 49. Nxd2 Rxd2 50. Rxf4 Rxa2 51. Rf5 Kg6 52. Rd5 a4 53. Rd3 a3 0-1

[Event "29th Czech Open A 2018"]
[Site "Pardubice CZE"]
[Date "2018.07.23"]
[Round "4.71"]
[White "Flick, Antoine"]
[Black "Semjonovs, Ilja"]
[Result "1/2-1/2"]
[WhiteTitle "FM"]
[WhiteElo "2348"]
[BlackElo "2219"]
[WhiteFideId "26025736"]
[BlackFideId "11604263"]
[EventDate "2018.07.20"]

1. d4 Nf6 2. Nf3 c5 3. d5 e6 4. c4 b5 5. e4 Nxe4 6. Bd3 Nf6 7. O-O d6 8. dxe6
Bxe6 9. Re1 Be7 10. Ng5 Bxc4 11. Bc2 h6 12. b3 Bd5 13. Nc3 Bc6 14. Nge4 O-O 15.
Nxf6+ Bxf6 16. Qd3 g6 17. Bxh6 Bg7 18. Bxg7 Kxg7 19. Rad1 b4 20. Ne4 Bxe4 21.
Qxe4 Na6 22. Qc6 Qb6 23. Rxd6 Rfd8 24. Qxb6 axb6 25. Rxb6 Rd2 26. Be4 Re8 27.
Kf1 Rxa2 28. Bd3 Rxe1+ 29. Kxe1 Nc7 30. Bc4 Ne8 31. Rc6 Ra5 32. Ke2 Kf8 33. Rb6
Ra7 34. h4 Ke7 35. Rb5 Rc7 36. Ra5 Nd6 37. Kd3 Nf5 38. g3 Rd7+ 39. Ke2 Rc7 40.
Kd3 Rd7+ 41. Ke2 Rc7 42. Ra6 Nd6 43. Bd3 c4 44. bxc4 Nxc4 45. Ra4 Nb2 46. Rxb4
Nxd3 47. Kxd3 Kf6 48. Rb6+ Kg7 49. Ke4 Rc4+ 50. Kf3 Ra4 51. Kg2 Rc4 52. Ra6 Rb4
53. Kh3 Rc4 54. g4 Rc3+ 55. Kg2 Rc5 56. Ra3 Rb5 57. Kg3 Rc5 58. Rf3 Rb5 59. Re3
Ra5 60. Kf4 Kf6 61. Rb3 Ra4+ 62. Kf3 Ra5 63. Kg3 Kg7 64. Rb4 Rc5 65. Ra4 Rb5 66.
Kf4 Kf6 67. Rd4 Ra5 68. Rb4 Rc5 69. f3 Ra5 70. Kg3 Rc5 71. Rb1 Ra5 72. Rh1 Kg7
73. Rh2 Rb5 74. Ra2 Rc5 75. Ra3 Rb5 76. f4 Rc5 77. Rf3 Ra5 78. Re3 Kf6 79. Rb3
Rc5 80. Rb6+ Kg7 81. g5 Rc3+ 82. Kg4 Rc1 83. Rb3 Ra1 84. Rg3 f5+ 85. gxf6+ Kxf6
86. Rg2 Rb1 87. Ra2 Rg1+ 88. Kf3 Rf1+ 89. Rf2 Rh1 90. Kg3 Ra1 91. Rh2 Kf5 92.
Rf2 1/2-1/2

[Event "29th Czech Open A 2018"]
[Site "Pardubice CZE"]
[Date "2018.07.23"]
[Round "4.72"]
[White "Fieberg, Samuel"]
[Black "Stoyanov, Tsvetan"]
[Result "0-1"]
[WhiteTitle "FM"]
[BlackTitle "FM"]
[WhiteElo "2211"]
[BlackElo "2348"]
[WhiteFideId "12901717"]
[BlackFideId "2917173"]
[EventDate "2018.07.20"]

1. e4 c5 2. Nf3 d6 3. d4 cxd4 4. Nxd4 Nf6 5. Nc3 Nc6 6. Be2 g6 7. O-O Bg7 8. Be3
O-O 9. f4 Bd7 10. Bf3 Qc7 11. Bf2 Nxd4 12. Bxd4 e5 13. Be3 exf4 14. Bxf4 Qb6+
15. Kh1 Qxb2 16. Nd5 Nxd5 17. Qxd5 Qxc2 18. Rac1 Qb2 19. Rb1 Bc6 20. Rxb2 Bxd5
21. Rd2 Bc6 22. Bxd6 Rfe8 23. Bd1 Bb5 24. Rxf7 Kxf7 25. Bb3+ Kf6 26. Rf2+ Kg5
27. h4+ Kxh4 28. g3+ Kh3 29. Rh2+ Kg4 30. Bd1+ Kg5 31. Rf2 Rxe4 32. Bf4+ Rxf4
33. Rxf4 Bc6+ 34. Kh2 h5 0-1

[Event "29th Czech Open A 2018"]
[Site "Pardubice CZE"]
[Date "2018.07.23"]
[Round "4.73"]
[White "Krykun, Yuriy"]
[Black "Miskulin, Dennis"]
[Result "1-0"]
[WhiteTitle "FM"]
[WhiteElo "2345"]
[BlackElo "2206"]
[WhiteFideId "14140667"]
[BlackFideId "1705520"]
[EventDate "2018.07.20"]

1. d4 Nf6 2. Nf3 d6 3. g3 g6 4. Bg2 Bg7 5. O-O O-O 6. b3 e5 7. dxe5 Nfd7 8. Bb2
Nc6 9. c4 Ndxe5 10. Qd2 Re8 11. Nc3 Bg4 12. Rad1 Bxf3 13. exf3 Nd4 14. Qxd4
Nxf3+ 15. Bxf3 Bxd4 16. Rxd4 c6 17. Rfd1 Qa5 18. Rxd6 Rad8 19. b4 Qc7 20. c5 f5
21. b5 Rxd6 22. cxd6 Qb6 23. bxc6 bxc6 24. Bc1 Rd8 25. Be3 Qb4 26. Ne2 Rxd6 27.
Rc1 Qa3 28. Rc2 Rd3 29. Kg2 Rxe3 30. fxe3 Qxe3 31. Rxc6 g5 32. h3 h5 33. h4 g4
34. Bd5+ Kf8 35. Re6 Qd2 36. Bb3 a5 37. Kf2 a4 38. Bxa4 Qxa2 39. Ra6 f4 40. Rf6+
Kg7 41. Rxf4 Qa1 42. Bc6 Qa7+ 43. Rd4 Qc5 44. Bg2 Qc2 45. Re4 Qc5+ 46. Nd4 Qc1
47. Nf5+ Kg6 48. Ne3 Qb1 49. Nf1 Qb6+ 50. Re3 Qb2+ 51. Kg1 Kg7 52. Kh2 Kg6 53.
Re4 Qc3 54. Ne3 Qd3 55. Nd5 Kh6 56. Nf4 Qb5 57. Rd4 1-0

[Event "29th Czech Open A 2018"]
[Site "Pardubice CZE"]
[Date "2018.07.23"]
[Round "4.74"]
[White "Mencinger, Vojko"]
[Black "Geller, Anastasiya"]
[Result "1-0"]
[WhiteTitle "IM"]
[BlackTitle "WFM"]
[WhiteElo "2342"]
[BlackElo "2203"]
[WhiteFideId "14600099"]
[BlackFideId "24119059"]
[EventDate "2018.07.20"]

1. d4 Nf6 2. Bf4 g6 3. Nc3 d5 4. Qd2 h6 5. h4 Bg7 6. Nf3 c6 7. Ne5 Nbd7 8. O-O-O
Nxe5 9. Bxe5 b5 10. f3 Qa5 11. a3 Qd8 12. e3 a5 13. Ne2 Kf8 14. Nf4 Nd7 15.
Bxg7+ Kxg7 16. Bd3 e5 17. dxe5 Nxe5 18. Qc3 Qf6 19. Bxb5 Rd8 20. Be2 Kg8 21. g4
Qe7 22. g5 h5 23. e4 Bb7 24. Rd4 Qd6 25. Rhd1 Nd7 26. exd5 c5 27. Re4 Re8 28.
Ne6 fxe6 29. dxe6 Qxd1+ 30. Bxd1 Bxe4 31. exd7 1-0

[Event "29th Czech Open A 2018"]
[Site "Pardubice CZE"]
[Date "2018.07.23"]
[Round "4.75"]
[White "Mueller, Ralf1"]
[Black "Stetsko, Lanita"]
[Result "1/2-1/2"]
[WhiteTitle "FM"]
[BlackTitle "FM"]
[WhiteElo "2335"]
[BlackElo "2200"]
[WhiteFideId "4606612"]
[BlackFideId "13505300"]
[EventDate "2018.07.20"]

1. d4 Nf6 2. Nf3 e6 3. c4 d5 4. g3 Be7 5. Bg2 O-O 6. O-O dxc4 7. Qc2 a6 8. a4
Bd7 9. Qxc4 Bc6 10. Bg5 Nbd7 11. Nc3 h6 12. Bf4 Bd6 13. Bxd6 cxd6 14. a5 Bxf3
15. Bxf3 d5 16. Qb4 Rb8 17. Rfc1 b6 18. Rc2 Qc7 19. Qa4 b5 20. Qb4 Qc4 21. Qxc4
bxc4 22. e4 e5 23. Nxd5 Nxd5 24. exd5 exd4 25. d6 Ne5 26. Bd5 d3 27. Rc3 Rfd8
28. Bxc4 Rxd6 29. b3 Nxc4 30. bxc4 d2 31. Rd1 Rc8 32. c5 Rdc6 33. Rxd2 Rxc5 34.
Rd8+ Rxd8 35. Rxc5 Rd1+ 36. Kg2 Ra1 37. h4 Kf8 38. Re5 f6 39. Rc5 Ke7 40. g4 Kd6
41. Rc8 Rxa5 42. Rg8 h5 43. Rxg7 hxg4 44. Rxg4 Ke6 45. Rg7 Kf5 46. h5 Kf4 47. h6
Rh5 48. h7 a5 49. Ra7 f5 50. Rxa5 1/2-1/2

[Event "29th Czech Open A 2018"]
[Site "Pardubice CZE"]
[Date "2018.07.23"]
[Round "4.76"]
[White "Ralis, Petr"]
[Black "Swicarz, Maciej"]
[Result "0-1"]
[WhiteElo "2199"]
[BlackElo "2333"]
[WhiteFideId "300870"]
[BlackFideId "1113585"]
[EventDate "2018.07.20"]

1. Nf3 d6 2. e4 c5 3. d3 Nc6 4. g3 g6 5. Bg2 Bg7 6. O-O e5 7. c3 Nge7 8. a3 O-O
9. Re1 h6 10. b4 a6 11. Be3 b6 12. Qb3 Be6 13. Qb2 Rb8 14. d4 exd4 15. cxd4 g5
16. h3 Qd7 17. g4 Nxd4 18. Bxd4 cxd4 19. Qd2 Rfc8 20. a4 Nc6 21. Bf1 a5 22. b5
Ne5 23. Ra3 d5 24. Nxd4 Nc4 25. Bxc4 dxc4 26. Nxe6 Qxd2 27. Nxd2 fxe6 28. e5 Rc5
29. Rc3 Rd8 30. Nf3 Rf8 31. Rec1 Rxf3 32. Rxf3 Bxe5 33. Rc2 Bd4 34. Kf1 c3 35.
Rd3 e5 36. Rd1 Kf7 37. f3 Ke6 38. Ke2 Kd5 39. Kd3 Rc8 40. h4 Rf8 41. Rf1 Kc5 42.
Rh2 Rf4 43. hxg5 hxg5 44. Re2 Kb4 45. Rb1+ Ka3 46. Ra1+ Kb3 47. Rb1+ Ka3 48.
Ra1+ Kb4 49. Rb1+ Kc5 50. Rf1 Rf8 51. Rh2 e4+ 52. Kxe4 Kc4 53. f4 gxf4 54. Rxf4
Rxf4+ 55. Kxf4 Kd3 56. Rh3+ Ke2 57. Ke4 c2 58. Rh2+ Bf2 59. Rh1 Be1 60. Rh2+ Kd1
61. Rxc2 Kxc2 62. g5 Kb3 63. Kd5 Kxa4 64. Kc6 Kb4 65. g6 Bc3 66. Kxb6 a4 67. Kc6
a3 68. b6 a2 69. b7 Be5 70. g7 a1=Q 71. b8=Q+ Bxb8 72. g8=Q Qa4+ 73. Kb7 Qa7+
74. Kc6 Qc7+ 0-1

[Event "29th Czech Open A 2018"]
[Site "Pardubice CZE"]
[Date "2018.07.23"]
[Round "4.77"]
[White "Hrdina, Robin"]
[Black "Chovan, Milan"]
[Result "1/2-1/2"]
[BlackTitle "FM"]
[WhiteElo "2193"]
[BlackElo "2331"]
[WhiteFideId "339342"]
[BlackFideId "14933691"]
[EventDate "2018.07.20"]

1. e4 e5 2. Nf3 Nc6 3. Bb5 a6 4. Ba4 Nf6 5. O-O b5 6. Bb3 Bb7 7. Re1 Bc5 8. c3
d6 9. d4 Bb6 10. a4 h6 11. h3 O-O 12. axb5 axb5 13. Rxa8 Qxa8 14. d5 Ne7 15. Nh4
Nh7 16. Be3 Bxe3 17. Rxe3 Kh8 18. Na3 Qa5 19. Nc2 Bc8 20. g4 Bd7 21. Nb4 Ng5 22.
Kh2 Ng6 23. Ng2 Qb6 24. Qa1 Nf4 25. Qa6 Qc5 26. Nxf4 exf4 27. Nd3 Qb6 28. Qxb6
cxb6 29. Nxf4 Re8 1/2-1/2

[Event "29th Czech Open A 2018"]
[Site "Pardubice CZE"]
[Date "2018.07.23"]
[Round "4.78"]
[White "Volodin, Viktor"]
[Black "Schroeder, Kevin"]
[Result "0-1"]
[WhiteTitle "IM"]
[BlackTitle "FM"]
[WhiteElo "2188"]
[BlackElo "2329"]
[WhiteFideId "4108701"]
[BlackFideId "12929840"]
[EventDate "2018.07.20"]

1. Nf3 g6 2. c4 Bg7 3. d4 d6 4. Nc3 f5 5. e4 fxe4 6. Nxe4 Nf6 7. Nxf6+ exf6 8.
Bd3 O-O 9. O-O Bg4 10. h3 Bxf3 11. Qxf3 Nc6 12. Bd2 f5 13. Bc3 Kh8 14. d5 Ne5
15. Qd1 Re8 16. f4 Nd7 17. Qd2 Bxc3 18. Qxc3+ Qf6 19. Qxf6+ Nxf6 20. Rad1 Kg7
21. Kf2 h5 22. Rfe1 h4 23. Kf3 Kf7 24. b3 a5 25. Bc2 Rab8 26. Bd3 Nd7 27. Kf2
Nc5 28. Bc2 Rxe1 29. Rxe1 b5 30. cxb5 Rxb5 31. Kf3 Kf8 32. Re3 Rb4 33. Re1 Rd4
34. Rd1 Rxd1 35. Bxd1 Ne4 36. Be2 Nc3 37. Bc4 Nxa2 38. g3 hxg3 39. Kxg3 Nc3 40.
Kf3 Ne4 41. Ke3 Nc5 42. Kd4 Kg7 43. Kc3 Kh6 44. Be2 g5 45. Bf3 gxf4 46. h4 Nd7
47. Be2 Ne5 48. Kd4 Ng6 49. Kc4 Nxh4 50. Kb5 f3 51. Bf1 Ng2 52. Kc6 Ne3 53. Bd3
f2 54. Kxc7 Nxd5+ 55. Kc6 Nb4+ 0-1

[Event "29th Czech Open A 2018"]
[Site "Pardubice CZE"]
[Date "2018.07.23"]
[Round "4.79"]
[White "Gheng, Josef"]
[Black "Zlatin, Alexander"]
[Result "1-0"]
[WhiteTitle "FM"]
[WhiteElo "2328"]
[BlackElo "2200"]
[WhiteFideId "4618041"]
[BlackFideId "2810549"]
[EventDate "2018.07.20"]

1. c4 e6 2. Nf3 Nf6 3. e3 Be7 4. b3 b6 5. Bb2 Bb7 6. Be2 c5 7. O-O O-O 8. d4 d5
9. Nc3 Nbd7 10. Rc1 Rc8 11. cxd5 exd5 12. Ne5 Nxe5 13. dxe5 Ne4 14. Bg4 Rb8 15.
Bf5 Ng5 16. f4 Ne6 17. Qg4 d4 18. Rcd1 Bc8 19. Ne2 Qc7 20. exd4 Nxd4 21. Nxd4
cxd4 22. Bxc8 Rbxc8 23. Bxd4 Bc5 24. Bf2 h6 25. Rd7 Bxf2+ 26. Rxf2 Qc1+ 27. Rd1
Qe3 28. Qe2 Qc5 29. h3 Rfd8 30. Rf1 Re8 31. Kh2 f6 32. Rf3 fxe5 33. Re3 Qd4 34.
Re4 Qd5 35. Rxe5 Rxe5 36. fxe5 Rc5 37. Re1 Qe6 38. Qe4 a5 39. Re3 Kh8 40. g4 a4
41. Kg3 axb3 42. axb3 Kg8 43. h4 b5 44. g5 hxg5 45. hxg5 Rc1 46. Kh2 g6 47. Rd3
Rc2+ 48. Kg3 Rc6 49. Qf4 Qc8 50. Rf3 Qe8 51. Qd4 Qe6 52. Qd8+ Kh7 53. Qf6 Qd7
54. Qf8 Rc7 55. Qh6+ 1-0

[Event "29th Czech Open A 2018"]
[Site "Pardubice CZE"]
[Date "2018.07.23"]
[Round "4.80"]
[White "Kathmale, Sameer"]
[Black "Soural, Jan"]
[Result "1-0"]
[WhiteTitle "IM"]
[WhiteElo "2323"]
[BlackElo "2192"]
[WhiteFideId "5024498"]
[BlackFideId "311928"]
[EventDate "2018.07.20"]

1. e4 c5 2. Nf3 e6 3. d4 cxd4 4. Nxd4 Nc6 5. Nc3 Nf6 6. Nxc6 bxc6 7. e5 Nd5 8.
Ne4 Qc7 9. f4 Qb6 10. Qf3 f5 11. exf6 Nxf6 12. Nxf6+ gxf6 13. Bd3 Bc5 14. Bd2
Bb7 15. Qh5+ Ke7 16. O-O-O Rag8 17. g3 Be3 18. Rhe1 Bxd2+ 19. Rxd2 Rg7 20. Qh6
Rf7 21. Bg6 Rhf8 22. Bxf7 Rxf7 23. f5 1-0

[Event "29th Czech Open A 2018"]
[Site "Pardubice CZE"]
[Date "2018.07.23"]
[Round "4.81"]
[White "Barp, Alberto"]
[Black "Nguyen, Alex Dac-Vuong"]
[Result "1-0"]
[WhiteTitle "FM"]
[WhiteElo "2317"]
[BlackElo "2175"]
[WhiteFideId "872555"]
[BlackFideId "12984388"]
[EventDate "2018.07.20"]

1. d4 Nf6 2. c4 c5 3. d5 b5 4. cxb5 a6 5. bxa6 g6 6. Nc3 Bg7 7. e4 O-O 8. Nf3
Qa5 9. Bd2 Bxa6 10. Be2 d6 11. O-O Bxe2 12. Qxe2 Qa6 13. Qd1 Nbd7 14. Qc2 Rfb8
15. a4 Qc4 16. Ra3 Rb4 17. b3 Qa6 18. Re1 c4 19. bxc4 Rxc4 20. Qb1 Nc5 21. e5
Ne8 22. a5 Nc7 23. h3 Nd7 24. exd6 Qxd6 25. Qa2 Rxc3 26. Bxc3 Nb5 27. Bxg7 Nxa3
28. Bb2 Nc2 29. Rd1 Nb4 30. Qc4 Rxa5 31. Qc8+ Nf8 32. Ng5 e5 33. Ne4 Qd7 34.
Nf6+ 1-0

[Event "29th Czech Open A 2018"]
[Site "Pardubice CZE"]
[Date "2018.07.23"]
[Round "4.82"]
[White "Salimova, Nurgyul"]
[Black "Ajay Krishna, S"]
[Result "1-0"]
[WhiteTitle "FM"]
[WhiteElo "2317"]
[BlackElo "2161"]
[WhiteFideId "2915138"]
[BlackFideId "5096430"]
[EventDate "2018.07.20"]

1. e4 c5 2. Nf3 d6 3. d4 cxd4 4. Nxd4 Nf6 5. Nc3 a6 6. Bg5 e6 7. f4 h6 8. Bh4
Qb6 9. Qd2 Qxb2 10. Rb1 Qa3 11. e5 dxe5 12. fxe5 Nfd7 13. Ne4 Qa4 14. Be2 g5 15.
Bg3 Nc6 16. c3 Bc5 17. Bd1 Qa3 18. O-O Ncxe5 19. Kh1 O-O 20. Bh5 Be7 21. h4 Qa5
22. Rbe1 Qd5 23. Nf5 Bd8 24. Nxh6+ Kg7 25. Nf5+ Kg8 26. Qxd5 exd5 27. Nxg5 Bxg5
28. hxg5 Ng6 29. Bxg6 fxg6 30. Nh6+ 1-0